Технология переработки рыбы и морепродуктов (Запись № 1328175)

Подробности
000 -МАРКЕР
контрольное поле 02119nam0a2200397 4500
001 - ИДЕНТИФИКАТОР ЗАПИСИ
контрольное поле RU\NLR\bibl\232338
005 - ИДЕНТИФИКАТОР ВЕРСИИ
контрольное поле 20260405071321.0
010 ## - МЕЖДУНАРОДНЫЙ СТАНДАРТНЫЙ НОМЕР КНИГИ (ISBN)
Номер (ISBN) 5-241-00074-7
Тираж 5000
021 ## - НОМЕР ГОСУДАРСТВЕННОЙ РЕГИСТРАЦИИ
Код страны Российская Федерация
Номер 2001-41120
Номер Листа государственной регистраци 1951
035 ## - ДРУГИЕ СИСТЕМНЫЕ НОМЕРА
Идентификатор записи (NLR Aleph) 000228282
100 ## - ДАННЫЕ ОБЩЕЙ ОБРАБОТКИ
Данные общей обработки 20020212d2001 |||y0rusy50 ca
101 0# - ЯЗЫК РЕСУРСА
Язык текста, звукозаписи и т.д. русский
102 ## - СТРАНА ПУБЛИКАЦИИ ИЛИ ПРОИЗВОДСТВА
Страна публикации Российская Федерация
105 ## - ПОЛЕ КОДИРОВАННЫХ ДАННЫХ: ТЕКСТОВЫЕ МАТЕРИАЛЫ, МОНОГРАФИЧЕСКИЕ
Кодированные данные о монографическом текстовом документе a j |||||
200 1# - ЗАГЛАВИЕ И СВЕДЕНИЯ ОБ ОТВЕТСТВЕННОСТИ
Основное заглавие Технология переработки рыбы и морепродуктов
Сведения, относящиеся к заглавию [Учеб. пособие для специалистов и студентов вузов пищ. профиля]
Первые сведения об ответственности Г. И. Касьянов, Е. Е. Иванова, А. Б. Одинцов и др.
210 ## - ПУБЛИКАЦИЯ, РАСПРОСТРАНЕНИЕ И ДР.
Место издания, распространения и т.д. Ростов н/Д
Имя издателя, распространителя и т. д. МарТ
Дата издания, распространения и т.д. 2001
215 ## - ФИЗИЧЕСКАЯ ХАРАКТЕРИСТИКА
Специфическое обозначение материала и объем 415 с.
Другие сведения о физической характеристике ил.
Размеры 20
225 1# - СЕРИЯ
Основное заглавие серии Технологии пищевых производств
320 ## - ПРИМЕЧАНИЯ О НАЛИЧИИ В ДОКУМЕНТЕ БИБЛИОГРАФИИ / УКАЗАТЕЛЯ
Текст примечания Библиогр.: с. 412-413
606 0# - НАИМЕНОВАНИЕ ТЕМЫ КАК ПРЕДМЕТ
Наименование темы Рыба
Формальный подзаголовок Руководства, пособия и т.п. для высшей школы
Тематический подзаголовок Обработка
Системный номер авторитетной/нормативной записи 1300958
Идентификатор авторитетной/нормативной записи RU\NLR\auth\66538782
606 0# - НАИМЕНОВАНИЕ ТЕМЫ КАК ПРЕДМЕТ
Наименование темы Рыба
Формальный подзаголовок Учебные издания для высшей школы
Тематический подзаголовок Обработка
Системный номер авторитетной/нормативной записи 1300958
Идентификатор авторитетной/нормативной записи RU\NLR\auth\66538782
606 0# - НАИМЕНОВАНИЕ ТЕМЫ КАК ПРЕДМЕТ
Наименование темы Морепродукты
Формальный подзаголовок Руководства, пособия и т.п. для высшей школы
Тематический подзаголовок Переработка
Системный номер авторитетной/нормативной записи 1402602
Идентификатор авторитетной/нормативной записи RU\NLR\auth\66590345
606 0# - НАИМЕНОВАНИЕ ТЕМЫ КАК ПРЕДМЕТ
Наименование темы Морепродукты
Формальный подзаголовок Учебные издания для высшей школы
Тематический подзаголовок Переработка
Системный номер авторитетной/нормативной записи 1402602
Идентификатор авторитетной/нормативной записи RU\NLR\auth\66590345
675 ## - УНИВЕРСАЛЬНАЯ ДЕСЯТИЧНАЯ КЛАССИФИКАЦИЯ (UDC/УДК)
Индекс 664.95(075.8)
Издание 3
Язык издания rus
686 ## - ИНДЕКСЫ ДРУГИХ КЛАССИФИКАЦИЙ
Индекс 36.94я73
Код системы
686 ## - ИНДЕКСЫ ДРУГИХ КЛАССИФИКАЦИЙ
Индекс Л94я73-1
701 #1 - ИМЯ ЛИЦА - АЛЬТЕРНАТИВНАЯ ОТВЕТСТВЕННОСТЬ
Код отношения Автор
Графика поля Кириллица
Материалы, к которым относится поле rus
Начальный элемент ввода Касьянов
Часть имени, кроме начального элемента ввода Г. И.
Даты 1939-
Расширение инициалов личного имени Геннадий Иванович
Системный номер авторитетной/нормативной записи 51338
Идентификатор авторитетной/нормативной записи RU\NLR\AUTH\7768410
701 #1 - ИМЯ ЛИЦА - АЛЬТЕРНАТИВНАЯ ОТВЕТСТВЕННОСТЬ
Код отношения Автор
Материалы, к которым относится поле rus
Графика поля Кириллица
Начальный элемент ввода Иванова
Часть имени, кроме начального элемента ввода Е. Е.
Дополнения к именам, кроме дат д-р техн. наук.
Расширение инициалов личного имени Елена Евгеньевна
Идентификатор авторитетной/нормативной записи RU\NLR\auth\7724352
Системный номер авторитетной/нормативной записи 7403
701 #1 - ИМЯ ЛИЦА - АЛЬТЕРНАТИВНАЯ ОТВЕТСТВЕННОСТЬ
Начальный элемент ввода Одинцов
Часть имени, кроме начального элемента ввода А. Б.
Расширение инициалов личного имени Александр Борисович
Код отношения Автор
801 #0 - ИСТОЧНИК ЗАПИСИ
Страна Российская Федерация
Организация RKP
Дата составления 20020212
Правила каталогизации PSBO
801 #1 - ИСТОЧНИК ЗАПИСИ
Страна Российская Федерация
Организация RKP
Дата составления 20020212
801 #2 - ИСТОЧНИК ЗАПИСИ
Страна Российская Федерация
Организация NLR
Дата составления 20080917
Правила каталогизации rcr
942 ## - ДОПОЛНИТЕЛЬНЫЕ ЭЛЕМЕНТЫ ЗАПИСИ (АБИС)
Тип экземпляра АБИС Книга
980 ## - КОЛЛЕКЦИЯ
Название коллекции Национальная библиография
Экземпляры
Тип экземпляра Дата поступления Источник поступления Стоимость Библиотека постоянного хранения Библиотека текущего хранения Место хранения Шифр хранения Штрих-код Статус экземпляра
Книга 08.12.2003 Покупка 280.65 РНБ (Московский) РНБ (Московский) Фонд научного зала литературы по технике Т2 Л92/Т-384 1-359707  
Книга 08.12.2003 Покупка 280.65 РНБ (Московский) РНБ (Московский) Фонд общего зала литературы по технике Т1 Л94/Т-384 1-471913  
Книга 27.02.2002 Обязательный экземпляр   РНБ (Московский) РНБ (Московский) Русский книжный фонд: издания с 1957 года 2002-3/3826 224579  
Книга 27.02.2002 Обязательный экземпляр   РНБ (Московский) РНБ (Московский) Русский книжный фонд: издания с 1957 года 2002-3/3826 224580